Fundamental processes in ecology : an earth systems approach (Record no. 264168)

MARC details
000 -LEADER
fixed length control field 00694nam a2200229Ia 4500
008 - FIXED-LENGTH DATA ELEMENTS--GENERAL INFORMATION
fixed length control field 191130s2006##################000#0#eng##
020 ## - INTERNATIONAL STANDARD BOOK NUMBER
ISBN 9780199229062
082 ## - DEWEY DECIMAL CLASSIFICATION NUMBER
Classification number 577 WIL
100 ## - MAIN ENTRY--AUTHOR NAME
Personal name Wilkinson, David M
245 ## - TITLE STATEMENT
Title Fundamental processes in ecology : an earth systems approach
Statement of responsibility, etc David M. Wilkinson
250 ## - EDITION STATEMENT
Edition statement 1st ed
260 ## - PUBLICATION, DISTRIBUTION, ETC. (IMPRINT)
Place of publication Oxford
Name of publisher Oxford University Press
Year of publication 2006
300 ## - PHYSICAL DESCRIPTION
Number of Pages xi, 182 p. : ill. ; 24 cm
500 ## - GENERAL NOTE
General note Includes bibliographical references (p. [150]-171) and index
650 ## - SUBJECT ADDED ENTRY--TOPICAL TERM
Topical Term Earth sciences
Topical Term Ecology
991 ## -
-- 247881
Holdings
Withdrawn status Lost status Damaged status Not for loan Home library Current library Shelving location Date acquired Full call number Accession Number Price effective from Koha item type
        Anna Centenary Library Anna Centenary Library 5TH FLOOR, A WING 09.10.2020 577 WIL 260150 09.10.2020 English Books

Find us on the map